| 000 -LEADER |
| fixed length control field |
01196nam a2200205Ia 4500 |
| 003 - CONTROL NUMBER IDENTIFIER |
| control field |
OSt |
| 005 - DATE AND TIME OF LATEST TRANSACTION |
| control field |
20241010135251.0 |
| 007 - PHYSICAL DESCRIPTION FIXED FIELD--GENERAL INFORMATION |
| fixed length control field |
ca aa aaaaa |
| 008 - FIXED-LENGTH DATA ELEMENTS--GENERAL INFORMATION |
| fixed length control field |
201103s9999 xx 000 0 und d |
| 040 ## - CATALOGING SOURCE |
| Transcribing agency |
SSBUL |
| 041 ## - LANGUAGE CODE |
| Language code of text/sound track or separate title |
bur |
| 082 ## - DEWEY DECIMAL CLASSIFICATION NUMBER |
| Edition number |
23 |
| Classification number |
၂၉၄.၃၄၃၅၀၉ ဇာ |
| Item number |
၉၀၈၈ A-SAT |
| 100 0# - MAIN ENTRY--PERSONAL NAME |
| Personal name |
ဇာဂရမထေရ်၊ အရှင်၊ အုဋ်ကျောင်းဆရာတော် |
| 9 (RLIN) |
17275 |
| 245 10 - TITLE STATEMENT |
| Title |
ရွှေစည်းခုံ-စေတီတော်ကြီးအတွင်းအပြင်ဥပစာ ရှေးဟောင်းသုတေသနမှတ်သားဘွယ် သမိုင်းချုပ် / |
| Statement of responsibility, etc. |
အုဋ်ကျောင်းဆရာတော်- အရှင်ဇာဂရမထေရ်။ |
| 260 ## - PUBLICATION, DISTRIBUTION, ETC. |
| Place of publication, distribution, etc. |
ရန်ကုန် ၊ |
| Name of publisher, distributor, etc. |
ရွှေမြို့တော်စာပုံနှိပ်တိုက်၊ |
| Date of publication, distribution, etc. |
၁၉၆၀။ |
| 300 ## - PHYSICAL DESCRIPTION |
| Extent |
၂၀၈ စာမျက်နှာ ၊ |
| Other physical details |
ပုံများ ၊ |
| Dimensions |
၁၈ စင်တီ။ |
| 500 ## - GENERAL NOTE |
| General note |
S-SAT: Dr. Sai Aung Tun |
| 650 ## - SUBJECT ADDED ENTRY--TOPICAL TERM |
| Topical term or geographic name entry element |
ရျွေစည်းခုံစေတီ |
| Form subdivision |
သမိုင်း |
| 9 (RLIN) |
55002 |
| 942 ## - ADDED ENTRY ELEMENTS (KOHA) |
| Source of classification or shelving scheme |
|
| Koha item type |
Book (Short term) |